| 000 | 00000nam##2200000za#4500 |
| 001 | 9.575239 |
| 003 | CaOODSP |
| 005 | 20210624184552 |
| 007 | cr ||||||||||| |
| 008 | 150406|1996||||xxc|||||o f|0| 0 eng|d |
| 040 | |aCaOODSP|beng |
| 043 | |an-cn--- |
| 086 | 1 |aFs97-17/46E-PDF |
| 110 | 1 |aCanada. |bDepartment of Fisheries and Oceans. |
| 245 | 10|aInvestigation of the capability of ship-of-opportunity sampling for British Columbia coastal waters / |h[electronic resource]|cby P. Scrimger and J.A. Scrimger. |
| 260 | |aSidney - British Columbia : |bFisheries and Oceans Canada |cc1996. |
| 300 | |a55p.|bfigs. |
| 490 | 1 |aCanadian contractor report of hydrography and ocean sciences|vNo. 46 |
| 500 | |aThe catalogue number and ISSN for the print edition appear in this electronic version. |
| 546 | |a(Résumé en français). |
| 590 | |a12-39-Supp|b2012-10-11 |
| 720 | 1 |aScrimger, P. |
| 720 | 1 |aScrimger, J. A. |
| 830 | #0|aCanadian contractor report of hydrography and ocean sciences ;|vNo. 46|w(CaOODSP)9.506655 |
| 856 | 40|ahttp://publications.gc.ca|qPDF|s2331 KB|uhttps://publications.gc.ca/collections/collection_2012/mpo-dfo/Fs97-17-46-eng.pdf|yNo. 46 |